500 Greatest Songs of All Time (1-100) - Statistics

General Stats
  • This quiz has been taken 10,378 times
    10,374 since last reset
  • The average score is 25 of 100
Answer Stats
Artist Song % Correct
3- John Lennon Imagine
83%
9- Nirvana Smells Like Teen Spirit
73%
8- The Beatles Hey Jude
64%
5- Aretha Franklin Respect
64%
31- Led Zeppelin Stairway to Heaven
60%
2- Rolling Stones (I Cant Get No) Satisfaction
58%
58- Michael Jackson Billie Jean
53%
49- The Eagles Hotel California
51%
20- The Beatles Let it Be
51%
100- Gnarls Barkley | 85- Patsy Cline Crazy
48%
1- Bob Dylan Like A Rolling Stone
48%
29- The Beatles Help!
47%
19- Elvis Presley Hound Dog
43%
13- The Beatles Yesterday
43%
67- Elvis Presley Jailhouse Rock
42%
7- Chuck Berry Johnny B Goode
41%
87- Johnny Cash Ring of Fire
41%
89- The Mamas & The Papas California Dreamin'
39%
6- The Beach Boys Good Vibrations
39%
17- Jimi Hendrix Purple Haze
39%
26- Otis Redding (Sittin' On) The Dock of the Bay
39%
27- Derek & The Dominos Layla
37%
84- The Police Every Breath You Take
35%
15- The Clash London Calling
34%
47- Jimi Hendrix All Along the Watchtower
33%
21- Bruce Springsteen Born to Run
33%
48- Simon & Garfunkel Bridge Over Troubled Water
33%
35- The Doors Light My Fire
33%
14- Bob Dylan Blowin' in the Wind
32%
96- Jerry Lee Lewis Great Balls of Fire
32%
11- The Who My Generation
32%
16- The Beatles I Want to Hold Your Hand
31%
37- Bob Marley No Woman No Cry
31%
36- U2 One
31%
95- Carl Perkins Blue Suede Shoes
30%
46- David Bowie Heroes
30%
56- The Sex Pistols Anarchy in the U.K.
29%
30- Johnny Cash I Walk The Line
29%
4- Marvin Gaye What's Going On
28%
78- James Brown I Got You (I Feel Good)
25%
73- Stevie Wonder Superstition
25%
57- Procol Harum A Whiter Shade of Pale
24%
32- Rolling Stones Sympathy for the Devil
24%
52- Prince When Doves Cry
24%
43- Little Richard Tutti-Frutti
23%
81- Marvin Gaye I Heard it Through the Grape Vine
22%
72- Beach Boys California Girls
21%
80- The Kinks You Really Got Me
21%
53- Percy Sledge When A Man Loves A Woman
20%
44- Ray Charles Georgia on my Mind
19%
38- Rolling Stones Gimme Shelter
19%
88- The Temptations My Girl
19%
64- The Beatles She Loves You
19%
65- Cream Sunshine of Your Love
19%
28- The Beatles A Day in the Life
18%
92- Ramones Blitzkrieg Bop
18%
25- The Beach Boys God Only Knows
18%
33- Ike & Tina Turner River Deep - Mountain High
18%
51- Grandmaster Flash The Message
18%
75- Led Zeppelin Whole Lotta Love
18%
45- Elvis Presley Heartbreak Hotel
17%
79- The Byrds Mr. Tambourine Man
17%
91- Elvis Presley Suspicious Minds
17%
82- Fats Domino Blueberry Hill
16%
60- Al Green Lets Stay Together
16%
76- The Beatles Strawberry Fields Forever
16%
22- The Ronettes Be My Baby
15%
93- U2 I Still Haven't Found what I'm Looking For
15%
99- CCR Fortunate Son
14%
41- The Band The Weight
14%
34- Righteous Brothers You've Lost That Lovin' Feelin'
14%
54- The Kingsmen Louie Louie
13%
59- Bob Dylan The Times They Are A-Changin'
13%
42- The Kinks Waterloo Sunset
13%
63- Buffalo Springfield For What It's Worth
12%
23- The Beatles In My Life
12%
12- Sam Cooke A Change is Gonna Come
11%
66- Bob Marley Redemption Song
11%
94- Little Richard Good Golly Miss Molly
10%
83- The Beatles Norwegian Wood (This Bird Has Flown)
10%
62- Bo Diddley Bo Diddley
9%
69- Roy Orbison Crying
9%
40- Martha & The Vandellas Dancing in the Streets
9%
18- Chuck Berry Maybellene
9%
97- Chuck Berry Roll Over Beethoven
9%
39- Buddy Holly That'll Be The Day
9%
86- Bruce Springsteen Thunder Road
9%
74- Eddie Cochran Summertime Blues
8%
68- Bob Dylan Tangled Up in Blue
8%
70- Dionne Warwick Walk On By
8%
10- Ray Charles What'd I Say
8%
71- James Brown Papa's Got A Brand New Bag
7%
50- Smokey Robinson The Tracks on My Tears
7%
55- Little Richard Long Tall Sally
6%
61- Jerry Lee Lewis Whole Lotta Shakin' Going On
5%
24- The Impressions People Get Ready
4%
90- The Five Satins In the Still of the Night
3%
98- Al Green Love and Happiness
3%
77- Elvis Presley Mystery Train
3%
No matching quizzes found
Score Distribution
Percent of People with Each Score
Percentile by Number Answered
Your Score History
You have not taken this quiz since the last reset